Budoucnost logistiky v souvislostech politického a ekonomického vývoje kandidátských zemí v regionu střední Evropy

Poukázanie svetových manažérov a teoretikov na nadchádzajúce obdobia zásadných zmien charakteru dermografického, politického a svetonázorového. Budúcnosť logistiky v súvislostiach politického, sociálneho a ekonomického vývoja kandidátskych krajín v regióne strednej Európy. Naznačenie schém možných v...

Descripción completa

Guardado en:
Detalles Bibliográficos
Autor principal: Pernica, Petr
Formato: Capítulo de libro
Lenguaje:checo
Materias:
Etiquetas: Agregar Etiqueta
Sin Etiquetas, Sea el primero en etiquetar este registro!

MARC

LEADER 00000naa$a2200000$$$4500
001 0021477
005 20220928103854.9
041 0 |a cze 
044 |a SK 
245 1 0 |a Budoucnost logistiky v souvislostech politického a ekonomického vývoje kandidátských zemí v regionu střední Evropy  |c Petr Pernica 
520 |a Poukázanie svetových manažérov a teoretikov na nadchádzajúce obdobia zásadných zmien charakteru dermografického, politického a svetonázorového. Budúcnosť logistiky v súvislostiach politického, sociálneho a ekonomického vývoja kandidátskych krajín v regióne strednej Európy. Naznačenie schém možných variant vývoja. Vývoj Európskej únie. Vývoj vnútropolitickej scény krajiny. Vývoj spoločnosti. Vývoj národného hospodárstva. Vývoj logistiky. 
610 2 0 |a zmeny štruktúrne 
610 2 0 |a SVE 
610 2 0 |a logistika 
610 2 0 |a vývoj spoločenský 
610 2 0 |a vývoj hospodársky 
610 2 0 |a vízie 
610 2 0 |a Európska únia 
100 1 |a Pernica, Petr